1507 1467 1377 1232 1402 1936 1339 1243 1425 1442 1132 1115 1860 1388 1604 1704 1629 1382 1969 1217 1022 1593 1055 1749 1399 1017 1101 1961 1884 1397 1379 1600 1272 1014 1597 1611 1386 1983 1039 1923 1922 1971 1072 1984 1280 1445 1481 1668 1027 1994 1916 1244 1808 1744 1958 1286 1606 1901 1188 1634 1264 1127 1123 1499 1478 1775 1096 1695 1244 1751 1104 1080 1294 1387 1866 1951 1100 1876 1873 1375 1867 1744 1167 1866 1877 1614 1654 1690 1677 1429 1099 1672 1457 1424 1923 1680 1948 1752 1862 BCNSPRNW ULIB Ver.6.0+V

เปลี่ยนเป็นภาษาไทย

Change to English
 แสดงรายละเอียดบรรณานุกรม
  กลับหน้าหลัก

Brief Record : Get Marc (ISO 2709) : E-mail record : QR code < ปิดหน้าต่าง
LEADER : 00000nam 2200000uu 4500
001    13399126281
003     ULIB
008    180827s2560||||th 000 0 tha d
020    ^a9786164453265
060    ^aWG140 อ114T
100    ^aองค์การ เรืองรัตนอัมพร ไพศาล บุญศิริดำชัย และดำรงค์ สุกิจปัญญาโรจน์
245    ^aThe Electrocardiography : Self Study, Book I
250    ^aพิมพ์ครั้งที่ 1
260    ^aกรุงเทพฯ :^bพี เอ็น เค แอนด์ สกายพริ้นติ้งส์,^c2560
300    ^a258 หน้า^bภาพประกอบ
650    ^aคลื่นไฟฟ้าหัวใจ^xแปลผล
650    ^aThe Electrocardiography
945    ^p350^l0^i004494
945    ^p350^l0^i004493
945    ^p350^l0^i004495
945    ^p350^l0^i011309
945    ^p350^l0^i011310
945    ^p350^l0^i011311
945    ^p350^l0^i011312
945    ^p350^l0^i011313
999    ^aประนอม เกษจรัล
รายการนี้ยังไม่มีแท็ก
คุณยังไม่ได้ล็อกอิน คุณสามารถมีกิจกรรมร่วมกับเว็บไซต์ได้ แต่ต้องล็อกอินก่อน ::
  ล็อกอิน

รายการสื่อสารสนเทศ

ลำดับที่ ประเภท เลขเรียก/บาร์โค้ด สถานที่ สถานะ
1. วิทยาศาสตร์การแพทย์ และสุขภาพ
หนังสือสำรอง
สถานะ=หนังสือสำรอง
WG140 อ114T ฉ.1 
  Barcode: 004493
ห้องสมุดวิทยาเขตสวรรค์ประชารักษ์
►หนังสือทั่วไป
บนชั้น
2. วิทยาศาสตร์การแพทย์ และสุขภาพ
วิทยาศาสตร์การแพทย์ และสุขภาพ
WG140 อ114T ฉ.2 
  Barcode: 004494
ห้องสมุดวิทยาเขตสวรรค์ประชารักษ์
►หนังสือทั่วไป
บนชั้น
3. วิทยาศาสตร์การแพทย์ และสุขภาพ
วิทยาศาสตร์การแพทย์ และสุขภาพ
WG140 อ114T ฉ.3 
  Barcode: 004495
ห้องสมุดวิทยาเขตสวรรค์ประชารักษ์
►หนังสือทั่วไป
บนชั้น
4. วิทยาศาสตร์การแพทย์ และสุขภาพ
วิทยาศาสตร์การแพทย์ และสุขภาพ
WG140 อ114T ฉ.4 
  Barcode: 011309
ห้องสมุดวิทยาเขตสวรรค์ประชารักษ์
►หนังสือทั่วไป
บนชั้น
5. วิทยาศาสตร์การแพทย์ และสุขภาพ
วิทยาศาสตร์การแพทย์ และสุขภาพ
WG140 อ114T ฉ.5 
  Barcode: 011310
ห้องสมุดวิทยาเขตสวรรค์ประชารักษ์
►หนังสือทั่วไป
บนชั้น
6. วิทยาศาสตร์การแพทย์ และสุขภาพ
วิทยาศาสตร์การแพทย์ และสุขภาพ
WG140 อ114T ฉ.6 
  Barcode: 011311
ห้องสมุดวิทยาเขตสวรรค์ประชารักษ์
►หนังสือทั่วไป
บนชั้น
7. วิทยาศาสตร์การแพทย์ และสุขภาพ
วิทยาศาสตร์การแพทย์ และสุขภาพ
WG140 อ114T ฉ.7 
  Barcode: 011312
ห้องสมุดวิทยาเขตสวรรค์ประชารักษ์
►หนังสือทั่วไป
บนชั้น
8. วิทยาศาสตร์การแพทย์ และสุขภาพ
วิทยาศาสตร์การแพทย์ และสุขภาพ
WG140 อ114T ฉ.8 
  Barcode: 011313
ห้องสมุดวิทยาเขตสวรรค์ประชารักษ์
►หนังสือทั่วไป
บนชั้น

รายการใกล้เคียง
    ชื่อเรื่อง [The Electrocardiography : Self Study, Book I]

    ผู้แต่ง [องค์การ เรืองรัตนอัมพร ไพศาล บุญศิริดำชัย และดำรงค์ สุกิจปัญญาโรจน์]

    หัวเรื่อง [The Electrocardiography]

BibComment


ยังไม่เคยถูกคอมเมนท์

คอมเมนท์ทรัพยากรรายการนี้
  คอมเมนท์: The Electrocardi..


 Copyright 2026. Bcnsprnw @Library